[Event "Paul Keres mem (32nd)"]
[Site "Vancouver CAN"]
[Date "2007.05.20"]
[Round "4.1"]
[White "Yoos, John"]
[Black "Cheng, Bindi"]
[Result "1/2-1/2"]
[WhiteElo "2417"]
[BlackElo "2237"]
[PlyCount "102"]
[EventDate "2007.05.18"]
[EventType "swiss"]
[EventRounds "7"]
[EventCountry "CAN"]

1. e4 d5 2. exd5 Nf6 3. d4 Bg4 4. Nf3 Qxd5 5. Be2 e6 6. h3 Bh5 7. c4 Qd6 8. O-O
Be7 9. Nc3 O-O 10. Be3 c6 11. Qb3 Qc7 12. Rfd1 Nbd7 13. Rd2 a6 14. Rc1 Rac8 15.
a3 c5 16. Qd1 cxd4 17. Bxd4 Bc5 18. Bxc5 Nxc5 19. b4 Ncd7 20. c5 Rfd8 21. Ng5
Bg6 22. Qe1 a5 23. Nb5 Qf4 24. Nf3 Ne4 25. Rd4 e5 26. Rdc4 axb4 27. axb4 Qh6
28. Na7 Ra8 29. c6 bxc6 30. Nxc6 Re8 31. Rd1 Nb6 32. Rcc1 Qf4 33. Bb5 Bh5 34.
Qe3 Bxf3 35. Qxf4 exf4 36. gxf3 Ng5 37. Kg2 g6 38. Na5 Re5 39. Bc6 Ra7 40. Rc5
Rxc5 41. bxc5 Na4 42. Nb3 Nb2 43. Rd8+ Kg7 44. Bd5 Nd3 45. h4 Ne1+ 46. Kf1
Ngxf3 47. Ra8 Re7 48. Rb8 Nh2+ 49. Kg1 Nhf3+ 50. Kf1 Nh2+ 51. Kg1 Nhf3+ 1/2-1/2

[Event "Paul Keres mem (32nd)"]
[Site "Vancouver CAN"]
[Date "2007.05.20"]
[Round "5.2"]
[White "Cheng, Bindi"]
[Black "Berry, Jonathan"]
[Result "1-0"]
[WhiteElo "2237"]
[BlackElo "2305"]
[PlyCount "103"]
[EventDate "2007.05.18"]
[EventType "swiss"]
[EventRounds "7"]
[EventCountry "CAN"]

1. Nf3 d5 2. d4 Nf6 3. Bf4 g6 4. e3 Bg7 5. c4 O-O 6. Nc3 c5 7. dxc5 Qa5 8. Rc1
Rd8 9. Qb3 Nc6 10. Qb5 Qxb5 11. cxb5 d4 12. exd4 Nxd4 13. Nxd4 Rxd4 14. Be3 Rb4
15. b3 Be6 16. Be2 Ng4 17. Bxg4 Rxg4 18. O-O Rb4 19. c6 Bxc3 20. Rxc3 Rxb5 21.
c7 Rd5 22. Rfc1 Bc8 23. b4 b6 24. a4 Kf8 25. a5 Rd6 26. Ra3 b5 27. Rac3 Ke8 28.
f3 Kd7 29. Kf2 f6 30. Rc5 a6 31. R5c2 Bb7 32. Bb6 Rc8 33. Ke3 Bd5 34. Rd2 Bc4
35. Rxd6+ exd6 36. Kf2 Re8 37. Rc2 Re5 38. g4 Re8 39. Rd2 Ke6 40. Kg3 Kd7 41.
Rd4 d5 42. h4 Re2 43. Rf4 Re6 44. h5 g5 45. Rf5 Rc6 46. Bd4 Rxc7 47. Rxf6 Bf1
48. Bc5 d4 49. Rf7+ Kc6 50. Rxc7+ Kxc7 51. Bxd4 Kc6 52. Bf6 1-0

[Event "Paul Keres mem (32nd)"]
[Site "Vancouver CAN"]
[Date "2007.05.21"]
[Round "6.1"]
[White "Orlov, Georgi"]
[Black "Cheng, Bindi"]
[Result "1-0"]
[WhiteElo "2566"]
[BlackElo "2237"]
[PlyCount "79"]
[EventDate "2007.05.18"]
[EventType "swiss"]
[EventRounds "7"]
[EventCountry "CAN"]

1. d4 Nf6 2. Nf3 d5 3. c4 c6 4. Nc3 a6 5. cxd5 cxd5 6. Bf4 Nc6 7. Rc1 Bf5 8.
Ne5 e6 9. e3 Nxe5 10. Bxe5 Nd7 11. Bf4 Qb6 12. Bd3 Bxd3 13. Qxd3 Qxb2 14. O-O
Qa3 15. e4 Bd6 16. Bxd6 Qxd6 17. exd5 exd5 18. Rfe1+ Kf8 19. Qf5 Nb6 20. Rb1 h5
21. Na4 Nxa4 22. Rxb7 Qf6 23. Qxd5 Kg8 24. Qb3 Rd8 25. Qxa4 Rxd4 26. Qe8+ Kh7
27. Qxf7 Qxf7 28. Rxf7 Ra4 29. Re2 Kg6 30. Rd7 Rf8 31. g3 Kh6 32. Kg2 Rf6 33.
h4 g5 34. hxg5+ Kxg5 35. f4+ Kg6 36. Kh3 Ra5 37. Rde7 Rc5 38. R7e5 Rc1 39. Rg5+
Kh6 40. Re8 1-0

[Event "Paul Keres mem (32nd)"]
[Site "Vancouver CAN"]
[Date "2007.05.21"]
[Round "7.3"]
[White "Cheng, Bindi"]
[Black "Jiang, Louie"]
[Result "1-0"]
[WhiteElo "2237"]
[BlackElo "2245"]
[PlyCount "63"]
[EventDate "2007.05.18"]
[EventType "swiss"]
[EventRounds "7"]
[EventCountry "CAN"]

1. Nf3 d5 2. c4 e6 3. e3 Nf6 4. Nc3 Nbd7 5. Qc2 c6 6. d4 Be7 7. g4 h6 8. Rg1 b6
9. h4 Nf8 10. Bd2 Bb7 11. g5 hxg5 12. hxg5 N6d7 13. O-O-O Qc7 14. cxd5 cxd5 15.
Kb1 a6 16. a4 Bd6 17. Rc1 Ng6 18. Bd3 Ne7 19. g6 f6 20. Qb3 Qd8 21. e4 Rh3 22.
Be2 Nf8 23. e5 fxe5 24. Ng5 exd4 25. Nxh3 dxc3 26. Bxc3 Nf5 27. Ng5 Bc5 28. Bd3
Nd4 29. Bxd4 Bxd4 30. Qb4 Bc5 31. Rxc5 Qe7 32. Qxb6 1-0

[Event "Jack Taylor mem"]
[Site "Victoria CAN"]
[Date "2006.11.25"]
[Round "1.2"]
[White "Aquino, Manfrei"]
[Black "Cheng, Bindi"]
[Result "0-1"]
[WhiteElo "1918"]
[BlackElo "2168"]
[PlyCount "96"]
[EventDate "2006.11.25"]
[EventType "swiss"]
[EventRounds "5"]
[EventCountry "CAN"]

1. d4 Nf6 2. c4 c6 3. Nc3 d5 4. Nf3 a6 5. cxd5 cxd5 6. Bg5 Ne4 7. Bh4 Nc6 8. e3
Nxc3 9. bxc3 g6 10. Bd3 Bg7 11. Qb3 O-O 12. O-O Ra7 13. a4 Bf5 14. Bxf5 gxf5
15. Rab1 Re8 16. Qb6 Qxb6 17. Rxb6 Na5 18. Rfb1 Bf8 19. Nd2 Rc8 20. Re1 e6 21.
Rbb1 Rc6 22. Kf1 Ra8 23. Ke2 Rac8 24. Kd3 Ba3 25. Re2 b6 26. f3 Bf8 27. Be1 Bh6
28. f4 f6 29. Rc1 Bf8 30. c4 Bb4 31. cxd5 Rc2 32. Rxc2 Rxc2 33. Kxc2 exd5 34.
Bh4 Bxd2 35. Kxd2 Kf7 36. Kc3 Ke6 37. Be1 Nc4 38. Bd2 a5 39. Bc1 Kd6 40. Kb3 h5
41. g3 Kc6 42. h3 b5 43. h4 bxa4+ 44. Kxa4 Kb6 45. Ba3 Nxa3 46. Kxa3 Kb5 47.
Kb3 a4+ 48. Ka3 Ka5 0-1

[Event "Jack Taylor mem"]
[Site "Victoria CAN"]
[Date "2006.11.26"]
[Round "2.2"]
[White "Cheng, Bindi"]
[Black "Chan, James"]
[Result "1/2-1/2"]
[WhiteElo "2168"]
[BlackElo "2001"]
[PlyCount "62"]
[EventDate "2006.11.25"]
[EventType "swiss"]
[EventRounds "5"]
[EventCountry "CAN"]

1. Nf3 f5 2. d4 Nf6 3. g3 g6 4. Bg2 Bg7 5. O-O O-O 6. b4 d6 7. Bb2 Qe8 8. Nbd2
Nc6 9. b5 Nd8 10. a4 h6 11. Ra3 g5 12. c4 Qg6 13. Qc2 Nf7 14. a5 Rb8 15. d5 b6
16. axb6 axb6 17. Nd4 Bd7 18. f4 gxf4 19. gxf4 Kh8 20. Rff3 Qh7 21. Kh1 Rg8 22.
Bh3 Ng4 23. e4 h5 24. exf5 Nfh6 25. Bxg4 hxg4 26. f6 Bxf6 27. Qxh7+ Kxh7 28.
Ne4 Bh4 29. Kg1 Nf5 30. Nxf5 Bxf5 31. Ng3 Bd7 1/2-1/2

[Event "Jack Taylor mem"]
[Site "Victoria CAN"]
[Date "2006.11.25"]
[Round "3.2"]
[White "Cheng, Bindi"]
[Black "Wu, Howard"]
[Result "0-1"]
[WhiteElo "2168"]
[BlackElo "2210"]
[PlyCount "133"]
[EventDate "2006.11.25"]
[EventType "swiss"]
[EventRounds "5"]
[EventCountry "CAN"]

1. e4 c5 2. Nf3 d6 3. Bb5+ Bd7 4. a4 Nf6 5. d3 a6 6. Bxd7+ Nbxd7 7. O-O g6 8.
Ng5 Bg7 9. f4 O-O 10. Qe1 e6 11. c4 h6 12. Nf3 Nh7 13. Nc3 Re8 14. Qg3 Nhf8 15.
f5 Ne5 16. Nxe5 dxe5 17. f6 Bxf6 18. Bxh6 Nh7 19. Rf3 Bg5 20. Bxg5 Qxg5 21. Qf2
Qe7 22. g4 Kg7 23. h4 f6 24. Rf1 Rf8 25. Qg2 g5 26. h5 Kh6 27. Qd2 Rad8 28. a5
Qd7 29. Kg2 Qc6 30. Qf2 Rf7 31. Kg1 Qc7 32. Ra1 Rd4 33. Ne2 Rd6 34. Nc1 Rd8 35.
Nb3 Rc8 36. Rf1 Qc6 37. Qe1 Qa4 38. Qc3 Qd7 39. Qc1 Qa4 40. Qc2 Qd7 41. Qf2 Qc7
42. Ra1 Qc6 43. Rf1 Qc7 44. Qe1 Qd7 45. R1f2 Qa4 46. Nc1 Rcf8 47. b3 Qc6 48. b4
cxb4 49. Qxb4 f5 50. Qc3 Qc7 51. exf5 exf5 52. gxf5 g4 53. Rg3 Rxf5 54. Qd2+
Ng5 55. Rxf5 Rxf5 56. Rxg4 Kxh5 57. Qg2 Nf3+ 58. Kh1 Nh4 59. Qe2 Qc6+ 60. Re4+
Nf3 61. Qg2 Kh6 62. Qg3 Rh5+ 63. Kg2 Ng5 64. Qxe5 Nxe4 65. Qh8+ Kg5 66. Qg7+
Qg6 67. Qf8 0-1

[Event "Washington-BC m"]
[Site "Bellingham USA"]
[Date "2006.10.28"]
[Round "?"]
[White "Cheng, Bindi"]
[Black "Greninger, Harley"]
[Result "1-0"]
[WhiteElo "2173"]
[BlackElo "2240"]
[PlyCount "49"]
[EventDate "2006.10.28"]
[EventType "team"]
[EventRounds "1"]
[EventCountry "USA"]

1. Nf3 Nf6 2. d4 d5 3. Bf4 Bf5 4. c4 c6 5. cxd5 Nxd5 6. Bxb8 Rxb8 7. Nbd2 Nf6
8. e3 e6 9. Ne5 Bd6 10. g4 Bg6 11. h4 Bxe5 12. dxe5 Ne4 13. Nc4 h6 14. h5 Bh7
15. f3 Ng3 16. Rh2 Nxf1 17. Nd6+ Ke7 18. Kxf1 Qc7 19. Qd4 b6 20. Rg2 f6 21. Rd1
Rbd8 22. Qf4 Qb8 23. g5 Bf5 24. gxf6+ gxf6 25. Rg7+ 1-0

[Event "Labour Day op"]
[Site "Langley BC CAN"]
[Date "2006.09.03"]
[Round "3.2"]
[White "Cheng, Bindi"]
[Black "Firor, Jon"]
[Result "1-0"]
[WhiteElo "2176"]
[BlackElo "1792"]
[PlyCount "101"]
[EventDate "2006.09.02"]
[EventType "swiss"]
[EventRounds "6"]
[EventCountry "CAN"]

1. e4 c5 2. Nf3 e6 3. d4 cxd4 4. Nxd4 Nc6 5. Nb3 Nf6 6. Bg5 h6 7. Bxf6 Qxf6 8.
Nc3 Bb4 9. Qd2 O-O 10. a3 Bxc3 11. Qxc3 Qxc3+ 12. bxc3 Rd8 13. c4 b6 14. c5
bxc5 15. Nxc5 d6 16. Nb3 Bb7 17. Bd3 Rac8 18. O-O Ne5 19. Na5 Ba8 20. Rfd1 d5
21. f3 dxe4 22. Ba6 Rb8 23. fxe4 Bxe4 24. Re1 f5 25. Nc4 Nxc4 26. Bxc4 Kf7 27.
Rad1 Ke7 28. Rxd8 Rxd8 29. Re2 Kf6 30. Kf2 e5 31. Ke3 Rd4 32. Bb3 g5 33. g3 f4+
34. gxf4 gxf4+ 35. Kf2 f3 36. c3 fxe2 37. cxd4 exd4 38. Kxe2 Kf5 39. Ba4 Kg4
40. Bd7+ Bf5 41. Bxf5+ Kxf5 42. Kd3 Ke5 43. h3 a5 44. Kd2 a4 45. Kd3 Kd5 46.
Kd2 Kc4 47. Kc2 d3+ 48. Kd2 Kd4 49. Kd1 Kc3 50. Kc1 Kb3 51. Kd2 1-0

[Event "Labour Day op"]
[Site "Langley BC CAN"]
[Date "2006.09.04"]
[Round "6.1"]
[White "Cheng, Bindi"]
[Black "McLaren, Brian"]
[Result "0-1"]
[WhiteElo "2176"]
[BlackElo "2208"]
[PlyCount "98"]
[EventDate "2006.09.02"]
[EventType "swiss"]
[EventRounds "6"]
[EventCountry "CAN"]

1. d4 c5 2. d5 e5 3. e4 d6 4. Nc3 g6 5. Bb5+ Nd7 6. a4 f6 7. h4 Bh6 8. f4 Qe7
9. Nh3 a6 10. Be2 exf4 11. Nxf4 Ne5 12. Be3 f5 13. Qd2 fxe4 14. O-O-O Bf5 15.
Rde1 O-O-O 16. Kb1 Bg7 17. h5 Nf6 18. h6 Bf8 19. Bf2 Nfg4 20. Bxg4 Nxg4 21. Bg3
e3 22. Qe2 Bxh6 23. Qc4 Bg7 24. Ne6 Bxc3 25. bxc3 Bxe6 26. dxe6 h5 27. Qd5 Rhe8
28. Bh4 Qxe6 29. Qxe6+ Rxe6 30. Bxd8 Kxd8 31. Kb2 b5 32. Rhf1 Kc7 33. Rf4 Kc6
34. Re2 Kd5 35. c4+ bxc4 36. Kc3 Nf2 37. Re1 Ne4+ 38. Kb2 c3+ 39. Kc1 Nd2 40.
Kd1 a5 41. Ke2 Re5 42. Rh1 g5 43. Rf8 h4 44. Ra8 Kd4 45. Rh3 Nc4 46. Rf8 Re4
47. Rf5 Rg4 48. Rh2 d5 49. Rf3 Re4 0-1

[Event "CAN-op"]
[Site "Kitchener CAN"]
[Date "2006.07.15"]
[Round "1"]
[White "Cheng, Bindi"]
[Black "Derraugh, Geordie"]
[Result "1-0"]
[WhiteElo "2197"]
[BlackElo "1888"]
[PlyCount "81"]
[EventDate "2006.07.15"]
[EventType "swiss"]
[EventRounds "9"]
[EventCountry "CAN"]

1. Nf3 Nf6 2. d4 g6 3. c4 Bg7 4. Nc3 d5 5. e3 O-O 6. Be2 c6 7. O-O Nbd7 8. Qc2
Qc7 9. Rd1 e5 10. cxd5 cxd5 11. dxe5 Nxe5 12. Nd4 Rd8 13. h3 a6 14. b3 Nc6 15.
Na4 Ne8 16. Qc5 Nxd4 17. exd4 b5 18. Qxc7 Nxc7 19. Nb6 Ra7 20. a4 b4 21. Bf4
Ne6 22. Be5 a5 23. Rac1 Ba6 24. Bg4 Bxe5 25. dxe5 d4 26. Rc6 Nf4 27. Rd6 Re8
28. R1xd4 g5 29. g3 h5 30. gxf4 hxg4 31. Nd7 Rc8 32. Nf6+ Kg7 33. Nh5+ Kf8 34.
f5 gxh3 35. Ng3 Raa8 36. Rh6 Ke7 37. Rdd6 f6 38. Re6+ Kf7 39. Rexf6+ Kg7 40.
Nh5+ Kg8 41. Rfg6+ 1-0

[Event "CAN-op"]
[Site "Kitchener CAN"]
[Date "2006.07.16"]
[Round "2"]
[White "Kraai, Jesse"]
[Black "Cheng, Bindi"]
[Result "1-0"]
[WhiteElo "2473"]
[BlackElo "2197"]
[PlyCount "53"]
[EventDate "2006.07.15"]
[EventType "swiss"]
[EventRounds "9"]
[EventCountry "CAN"]

1. Nf3 d5 2. d4 Nf6 3. c4 c6 4. cxd5 cxd5 5. Nc3 Nc6 6. Bf4 a6 7. Rc1 Bf5 8. e3
e6 9. Qb3 Ra7 10. Ne5 Nxe5 11. Bxe5 Nd7 12. Bf4 Be7 13. Be2 O-O 14. O-O Qb6 15.
Qxb6 Nxb6 16. a4 Rc8 17. a5 Nd7 18. Nxd5 Rxc1 19. Nxe7+ Kf8 20. Rxc1 Kxe7 21.
f3 Bg6 22. e4 f6 23. Rc7 Bf7 24. b4 g5 25. Bg3 h5 26. b5 axb5 27. Bxb5 1-0

[Event "CAN-op"]
[Site "Kitchener CAN"]
[Date "2006.07.17"]
[Round "3"]
[White "Cheng, Bindi"]
[Black "Arandia, Henry"]
[Result "0-1"]
[WhiteElo "2197"]
[BlackElo "2035"]
[PlyCount "56"]
[EventDate "2006.07.15"]
[EventType "swiss"]
[EventRounds "9"]
[EventCountry "CAN"]

1. e4 d5 2. exd5 Qxd5 3. Nc3 Qd6 4. d4 Nf6 5. Nf3 a6 6. g3 Bg4 7. Qd3 Nc6 8.
Bf4 Qe6+ 9. Be2 Nb4 10. Qd1 Bxf3 11. O-O Bxe2 12. Nxe2 O-O-O 13. c4 Nc6 14. d5
Qh3 15. f3 e6 16. Bg5 Qf5 17. Bxf6 Qxf6 18. Kh1 h5 19. b4 h4 20. g4 exd5 21.
cxd5 Nxb4 22. Qb3 Rxd5 23. a3 Rd3 24. Qc4 Rxf3 25. Nd4 Rf4 26. Rxf4 Qxf4 27.
axb4 Bd6 28. Ra2 Re8 0-1

[Event "CAN-op"]
[Site "Kitchener CAN"]
[Date "2006.07.18"]
[Round "4"]
[White "Becker, Paul"]
[Black "Cheng, Bindi"]
[Result "0-1"]
[WhiteElo "2076"]
[BlackElo "2197"]
[PlyCount "52"]
[EventDate "2006.07.15"]
[EventType "swiss"]
[EventRounds "9"]
[EventCountry "CAN"]

1. e4 c5 2. Nf3 Nc6 3. d4 cxd4 4. Nxd4 e6 5. Nc3 Qc7 6. Nxc6 bxc6 7. Bd3 Nf6 8.
O-O Bd6 9. f4 e5 10. f5 Rb8 11. Qe2 h5 12. a3 h4 13. b4 Nh5 14. Qg4 a5 15. Be3
axb4 16. axb4 Bxb4 17. Ra7 Rb7 18. Rxb7 Bxb7 19. Qxh4 Bxc3 20. Be2 Qd8 21. Bg5
Qb6+ 22. Kh1 Ba6 23. Bxh5 Bxf1 24. Bxf7+ Kxf7 25. Qxh8 Be2 26. h4 Bd4 0-1

[Event "CAN-op"]
[Site "Kitchener CAN"]
[Date "2006.07.19"]
[Round "5"]
[White "Cheng, Bindi"]
[Black "Kagramanov, Dina"]
[Result "0-1"]
[WhiteElo "2197"]
[BlackElo "2076"]
[PlyCount "64"]
[EventDate "2006.07.15"]
[EventType "swiss"]
[EventRounds "9"]
[EventCountry "CAN"]

1. c4 e6 2. Nf3 Nf6 3. Nc3 d5 4. d4 Be7 5. e3 dxc4 6. Bxc4 c5 7. O-O a6 8. Bb3
Nc6 9. a3 O-O 10. h3 Qc7 11. Qe2 b5 12. dxc5 Bxc5 13. e4 Nd4 14. Nxd4 Bxd4 15.
Be3 Bxc3 16. Rac1 Nxe4 17. bxc3 Bb7 18. Qa2 Qc6 19. f3 Ng3 20. Rfe1 Nf5 21. Bf2
Rac8 22. c4 Qd6 23. c5 Qf4 24. Rcd1 Bc6 25. Rxe6 fxe6 26. Bxe6+ Kh8 27. Bxc8
Ne3 28. Rd6 Bxf3 29. gxf3 Qxf3 30. Bb7 Qxh3 31. Qe2 Ng4 32. Be1 Rf1+ 0-1

[Event "CAN-op"]
[Site "Kitchener CAN"]
[Date "2006.07.20"]
[Round "6"]
[White "Upper, John"]
[Black "Cheng, Bindi"]
[Result "1-0"]
[WhiteElo "1993"]
[BlackElo "2197"]
[PlyCount "67"]
[EventDate "2006.07.15"]
[EventType "swiss"]
[EventRounds "9"]
[EventCountry "CAN"]

1. Nf3 d5 2. d4 c6 3. c4 Nf6 4. Nc3 dxc4 5. a4 Bf5 6. e3 e6 7. Bxc4 Nbd7 8. O-O
Bb4 9. Qb3 Qb6 10. e4 Nxe4 11. Nxe4 Bxe4 12. a5 Bxa5 13. Ng5 Bd5 14. Bxd5 cxd5
15. Qc2 h6 16. Nxe6 fxe6 17. Qg6+ Kf8 18. Bf4 Bb4 19. Rac1 Bd6 20. Bg3 Nf6 21.
Rc3 Bxg3 22. fxg3 Qxd4+ 23. Kh1 Qe4 24. Rxf6+ gxf6 25. Qxf6+ Kg8 26. Rf3 Rh7
27. Rf4 Rc8 28. h3 Qe3 29. Rg4+ Qg5 30. Qxe6+ Kg7 31. Qxc8 Qxg4 32. Qxg4+ Kf6
33. Qd4+ Ke6 34. Qxa7 1-0

[Event "CAN-op"]
[Site "Kitchener CAN"]
[Date "2006.07.21"]
[Round "7"]
[White "Cheng, Bindi"]
[Black "Wong, Wylon"]
[Result "1-0"]
[WhiteElo "2197"]
[BlackElo "1989"]
[PlyCount "75"]
[EventDate "2006.07.15"]
[EventType "swiss"]
[EventRounds "9"]
[EventCountry "CAN"]

1. d4 Nf6 2. c4 d6 3. Nf3 g6 4. Nc3 Bg7 5. e4 O-O 6. Be2 e5 7. d5 Nbd7 8. Bg5
a6 9. Qc2 c5 10. Nd2 h6 11. Be3 Nh7 12. g4 Ndf6 13. Rg1 Ng5 14. Rg3 Ne8 15. Bd3
Bd7 16. Rb1 a5 17. Ke2 Kh8 18. f3 Nc7 19. Rh1 Nh7 20. Qc1 g5 21. h4 f6 22. Rgh3
Kg8 23. Nf1 Rf7 24. Ng3 Nf8 25. hxg5 hxg5 26. Nf5 Bxf5 27. gxf5 Re7 28. Bc2 Kf7
29. Ba4 Nd7 30. Bxg5 Re8 31. Be3 Rg8 32. Rh7 Nb6 33. Qg1 Nxa4 34. Qg6+ Kf8 35.
Rxg7 Nxc3+ 36. bxc3 Rxg7 37. Rh8+ Ke7 38. Qxg7# 1-0

[Event "CAN-op"]
[Site "Kitchener CAN"]
[Date "2006.07.22"]
[Round "8"]
[White "McKim, Fred"]
[Black "Cheng, Bindi"]
[Result "0-1"]
[WhiteElo "1830"]
[BlackElo "2197"]
[PlyCount "58"]
[EventDate "2006.07.15"]
[EventType "swiss"]
[EventRounds "9"]
[EventCountry "CAN"]

1. d4 d5 2. Nf3 c6 3. e3 Bf5 4. c4 e6 5. Nc3 Nf6 6. Qb3 Qb6 7. c5 Qc7 8. Bd2
Nbd7 9. Rc1 e5 10. Na4 e4 11. Ng1 h5 12. h3 h4 13. Qc3 g5 14. b4 a6 15. Nb2 g4
16. hxg4 Nxg4 17. Ne2 Be7 18. f4 exf3 19. gxf3 Nh2 20. e4 dxe4 21. fxe4 Bxe4
22. Bf4 Nf3+ 23. Kd1 Qd8 24. Bg2 Ng5 25. Bxe4 Nxe4 26. Qe3 Ndf6 27. Be5 Ng4 28.
Qf4 Bg5 29. Qf5 Ne3+ 0-1

[Event "CAN-op"]
[Site "Kitchener CAN"]
[Date "2006.07.22"]
[Round "9"]
[White "Cheng, Bindi"]
[Black "Lacau Rodean, Lucian"]
[Result "1/2-1/2"]
[WhiteElo "2197"]
[BlackElo "2104"]
[PlyCount "38"]
[EventDate "2006.07.15"]
[EventType "swiss"]
[EventRounds "9"]
[EventCountry "CAN"]

1. Nf3 d6 2. d4 Nf6 3. c4 g6 4. Nc3 Bg7 5. e4 O-O 6. Bd3 Nc6 7. d5 Nb4 8. Bb1
c5 9. h3 e6 10. O-O Na6 11. Bg5 Nc7 12. Qd2 b5 13. cxb5 a6 14. Rd1 exd5 15. b6
Ne6 16. Bxf6 Qxf6 17. e5 Qf4 18. Qxd5 Rb8 19. Be4 Bb7 1/2-1/2

[Event "CAN-ch U20 2006"]
[Site "Kitchener CAN"]
[Date "2006.07.11"]
[Round "4"]
[White "Cheng, Bindi"]
[Black "Huang, Richard"]
[Result "1-0"]
[WhiteElo "2197"]
[BlackElo "1801"]
[PlyCount "69"]
[EventDate "2006.07.10"]
[EventType "tourn"]
[EventRounds "7"]
[EventCountry "CAN"]

1. e4 c5 2. Nf3 e6 3. d4 cxd4 4. Nxd4 a6 5. Nc3 Qc7 6. g3 Bb4 7. Qd3 Nc6 8. a3
Be7 9. Bg2 Nf6 10. O-O O-O 11. h3 b5 12. Kh1 Bb7 13. f4 d6 14. g4 Nxd4 15. Qxd4
e5 16. Qf2 Nd7 17. f5 f6 18. Rd1 Bc6 19. Be3 Qb7 20. Nd5 Bxd5 21. Rxd5 Rac8 22.
h4 Rc6 23. g5 Rfc8 24. c3 Qc7 25. Qf3 Rb8 26. Bf1 Nb6 27. Rd2 Qd8 28. Qh5 Qf8
29. Rg2 Qf7 30. g6 hxg6 31. fxg6 Qe6 32. Qh7+ Kf8 33. h5 Qh3+ 34. Rh2 Qf3+ 35.
Bg2 1-0

[Event "CAN-ch U20 2006"]
[Site "Kitchener CAN"]
[Date "2006.07.12"]
[Round "5"]
[White "Henry, Liam"]
[Black "Cheng, Bindi"]
[Result "1/2-1/2"]
[WhiteElo "2122"]
[BlackElo "2197"]
[PlyCount "74"]
[EventDate "2006.07.10"]
[EventType "tourn"]
[EventRounds "7"]
[EventCountry "CAN"]

1. e4 c5 2. Nf3 a6 3. Nc3 e6 4. d4 cxd4 5. Nxd4 Qc7 6. Be3 Nf6 7. f3 Bb4 8. Qd2
d5 9. e5 Qxe5 10. Kf2 Qc7 11. Ncb5 Qe7 12. Nc7+ Qxc7 13. Qxb4 Qe7 14. Qa4+ Nbd7
15. g4 O-O 16. h4 e5 17. Nf5 Qd8 18. c3 d4 19. cxd4 Nd5 20. dxe5 Nxe3 21. Nxe3
Nxe5 22. Rd1 Qf6 23. Qe4 Nc6 24. Rd2 Be6 25. Bd3 g6 26. g5 Qe5 27. Qxe5 Nxe5
28. Be4 Bxa2 29. Bxb7 Ra7 30. Bd5 Bxd5 31. Nxd5 Nd7 32. Re1 Nc5 33. Nf6+ Kg7
34. Re8 Ne6 35. Rxf8 Nxf8 36. Rd8 Rb7 37. Ne8+ Kg8 1/2-1/2

[Event "CAN-ch U20 2006"]
[Site "Kitchener CAN"]
[Date "2006.07.13"]
[Round "7"]
[White "Cheng, Bindi"]
[Black "Walker, Adrian"]
[Result "1-0"]
[WhiteElo "2197"]
[BlackElo "1792"]
[PlyCount "21"]
[EventDate "2006.07.10"]
[EventType "tourn"]
[EventRounds "7"]
[EventCountry "CAN"]

1. e4 e5 2. Nc3 Nf6 3. Bc4 Bc5 4. d3 O-O 5. f4 d5 6. Nxd5 Ng4 7. f5 Nf2 8. Qh5
Kh8 9. Nf3 g6 10. fxg6 fxg6 11. Qxe5+ 1-0

[Event "CAN-ch U20 qual."]
[Site "Kitchener CAN"]
[Date "2006.07.08"]
[Round "1"]
[White "Cheng, Bindi"]
[Black "Ho, Conrad"]
[Result "1-0"]
[WhiteElo "2197"]
[BlackElo "1898"]
[PlyCount "57"]
[EventDate "2006.07.03"]
[EventType "swiss"]
[EventRounds "4"]
[EventCountry "CAN"]

1. e4 e6 2. d4 d5 3. exd5 exd5 4. c4 Bb4+ 5. Nc3 Nf6 6. Bd3 dxc4 7. Bxc4 O-O 8.
Nge2 Nc6 9. O-O Bf5 10. a3 Bxc3 11. bxc3 Na5 12. Ba2 Nd5 13. c4 Nb6 14. Ng3 Bg6
15. f4 f6 16. c5+ Nd5 17. f5 Bf7 18. Qg4 Kh8 19. Nh5 Bxh5 20. Qxh5 Nc3 21. Rf4
Nxa2 22. Rh4 Kg8 23. Qxh7+ Kf7 24. Rxa2 Qe7 25. Qh5+ Kg8 26. Re2 Qd7 27. Qh7+
Kf7 28. Bh6 Rg8 29. Rg4 1-0

[Event "CAN-ch U20 qual."]
[Site "Kitchener CAN"]
[Date "2006.07.08"]
[Round "2"]
[White "Xiong, Jerry"]
[Black "Cheng, Bindi"]
[Result "1/2-1/2"]
[WhiteElo "1896"]
[BlackElo "2197"]
[PlyCount "47"]
[EventDate "2006.07.03"]
[EventType "swiss"]
[EventRounds "4"]
[EventCountry "CAN"]

1. e4 c5 2. Nf3 Nc6 3. d4 cxd4 4. Nxd4 g6 5. Nc3 Bg7 6. Be3 Nf6 7. Bc4 O-O 8.
f3 Qa5 9. Qd2 e6 10. Nb3 Qh5 11. h4 d5 12. g4 Nxg4 13. fxg4 Qxg4 14. Be2 Qg3+
15. Bf2 Qg2 16. Rg1 Qh2 17. Rf1 dxe4 18. O-O-O f5 19. Qe3 Qe5 20. Bg3 Qf6 21.
Bf4 Qxh4 22. Bg5 Qh2 23. Bf4 Qh4 24. Bg5 1/2-1/2

[Event "CAN-ch U20 qual."]
[Site "Kitchener CAN"]
[Date "2006.07.08"]
[Round "3"]
[White "Cheng, Bindi"]
[Black "Fan, Brendan"]
[Result "1-0"]
[WhiteElo "2197"]
[BlackElo "1952"]
[PlyCount "45"]
[EventDate "2006.07.03"]
[EventType "swiss"]
[EventRounds "4"]
[EventCountry "CAN"]

1. Nf3 Nf6 2. c4 e6 3. d4 Bb4+ 4. Nbd2 Nc6 5. a3 Bxd2+ 6. Qxd2 O-O 7. b4 d6 8.
Bb2 Qe7 9. e3 d5 10. c5 a6 11. Bd3 Nd7 12. e4 dxe4 13. Bxe4 Nf6 14. Bd3 Bd7 15.
O-O Na7 16. Rfe1 Bc6 17. d5 Bxd5 18. Nd4 Qd7 19. Re3 Nc8 20. Rg3 Ne7 21. Rxg7+
Kh8 22. Qh6 Ng6 23. Bxg6 1-0

[Event "Paul Keres mem (31st)"]
[Site "Vancouver CAN"]
[Date "2006.05.19"]
[Round "1.9"]
[White "Cheng, Bindi"]
[Black "Ozkan, Charlie"]
[Result "1-0"]
[WhiteElo "2172"]
[BlackElo "1901"]
[PlyCount "83"]
[EventDate "2006.05.19"]
[EventType "swiss"]
[EventRounds "6"]
[EventCountry "CAN"]

1. e4 c6 2. d4 d5 3. exd5 cxd5 4. c4 dxc4 5. Bxc4 Nf6 6. Nf3 e6 7. O-O Be7 8.
Nc3 a6 9. Bb3 O-O 10. Bg5 Nbd7 11. Ne5 h6 12. Bh4 Qc7 13. Bg3 Nxe5 14. dxe5 Nd7
15. Rc1 Qa5 16. Qe2 Nc5 17. Bc2 b5 18. Qg4 b4 19. Ne4 Bb7 20. Nf6+ Kh8 21. Nh5
Rg8 22. Qf4 Raf8 23. Nf6 Qb5 24. Nxg8 Bg5 25. Qg4 Bxc1 26. Rxc1 Rxg8 27. Rd1
Bd5 28. Qh5 Qc4 29. Bb1 Rf8 30. b3 Qc3 31. Qe2 Rc8 32. f3 a5 33. Be1 Qa1 34.
Be4 Qxe5 35. Bg3 Qc3 36. Bxd5 exd5 37. Be5 Re8 38. Bxg7+ Kxg7 39. Qxe8 d4 40.
Qe5+ Kf8 41. Qxd4 Qc2 42. Qd2 1-0

[Event "Paul Keres mem (31st)"]
[Site "Vancouver CAN"]
[Date "2006.05.20"]
[Round "2.7"]
[White "Landingin, Jofrei"]
[Black "Cheng, Bindi"]
[Result "0-1"]
[WhiteElo "1675"]
[BlackElo "2172"]
[PlyCount "36"]
[EventDate "2006.05.19"]
[EventType "swiss"]
[EventRounds "6"]
[EventCountry "CAN"]

1. e4 c5 2. Nf3 Nc6 3. d4 cxd4 4. Nxd4 e6 5. Be3 Nf6 6. Nc3 Bb4 7. f3 O-O 8.
Bd3 Qb6 9. Bc4 d5 10. exd5 exd5 11. Bb3 Re8 12. Kf2 Rxe3 13. Kxe3 Nxd4 14. Nxd5
Nxd5+ 15. Bxd5 Nxc2+ 16. Kd3 Bf5+ 17. Kc4 Rc8+ 18. Kb3 Nd4+ 0-1

[Event "Paul Keres mem (31st)"]
[Site "Vancouver CAN"]
[Date "2006.05.20"]
[Round "3.2"]
[White "Cheng, Bindi"]
[Black "Meng, Fanhao"]
[Result "1/2-1/2"]
[WhiteElo "2172"]
[BlackElo "2255"]
[PlyCount "38"]
[EventDate "2006.05.19"]
[EventType "swiss"]
[EventRounds "6"]
[EventCountry "CAN"]

1. e4 e5 2. Nc3 Nc6 3. Bc4 Nf6 4. d3 Bb4 5. Bg5 h6 6. Bxf6 Qxf6 7. Nge2 d6 8.
O-O Be6 9. Nd5 Bxd5 10. Bxd5 O-O 11. Kh1 Rab8 12. f4 Ne7 13. Bb3 c6 14. c3 Ba5
15. d4 Qh4 16. Qc2 Bc7 17. Rf3 exf4 18. Nxf4 g5 19. Ne2 g4 1/2-1/2